Ajedrez / (Registro nro. 5134)

Detalles MARC
000 -CABECERA
Longitud fija campo de control 00819nam a2200277 a 4500
003 - • IDENTIFICADOR DELl NÚMERO DE CONTROL
Identificador del número de control CO-ViMGA
008 - • CÓDIGOS DE INFORMACIÓN DE LONGITUD FIJA
Códigos de información de longitud fija 141112s2004 ck r 000 u spa d
020 ## - • NÚMERO INTERNACIONAL NORMALIZADO PARA LIBROS
Número Internacional Normalizado para Libros (ISBN) 9789583013171
040 ## - FUENTE DE LA CATALOGACIÓN
Centro catalogador de origen CO-ViMGA
Lengua de catalogación spa
Centro transcriptor CO-ViMGA
041 ## - • CÓDIGO DE LENGUA
Código de lengua del texto/banda sonora o título independiente SPA
082 04 - • NÚMERO DE LA CLASIFICACIÓN DECIMAL DEWEY
Número de clasificación (R) 794.1 Y26a
100 1# - • PUNTO DE ACCESO PRINCIPAL-NOMBRE DE PERSONA
Nombre de persona Yepes, Luis Eduardo
245 10 - • TITULO PROPIAMENTE DICHO
Título Ajedrez /
Mención de responsabilidad, etc. Luis Eduardo Yepes, Johann Echavarría ; ilustraciones Catalina Acelas
250 ## - • MENCIÓN DE EDICIÓN
Mención de edición 1a ed., 1a reimpr.
300 ## - • DESCRIPCIÓN FÍSICA
Extensión 135 p.
490 ## - • MENCIÓN DE SERIE
Mención de serie Interés general
650 14 - • PUNTO DE ACCESO ADICIONAL DE MATERIA - TÉRMINO DE MATERIA
Término de materia o nombre geográfico como elemento inicial AJEDREZ
650 14 - • PUNTO DE ACCESO ADICIONAL DE MATERIA - TÉRMINO DE MATERIA
Término de materia o nombre geográfico como elemento inicial AJEDREZ - ENSEÑANZA ELEMENTAL
650 14 - • PUNTO DE ACCESO ADICIONAL DE MATERIA - TÉRMINO DE MATERIA
Término de materia o nombre geográfico como elemento inicial AJEDREZ - JUEGOS INFANTILES
650 14 - • PUNTO DE ACCESO ADICIONAL DE MATERIA - TÉRMINO DE MATERIA
Término de materia o nombre geográfico como elemento inicial DESDE LOS 12 AÑOS
700 1# - • PUNTO DE ACCESO ADICIONAL - NOMBRE DE PERSONA
Nombre de persona Acelas, Catalina
700 1# - • PUNTO DE ACCESO ADICIONAL - NOMBRE DE PERSONA
Nombre de persona Echavarría, Johann
942 ## - ENTRADA DE ELEMENTOS AGREGADOS (KOHA)
Fuente de clasificaión o esquema Dewey Decimal Classification
Koha [por defecto] tipo de item LIbro
Existencias
Perdido Fuente de clasificación o esquema Estado Físico No para préstamo Forma de adquisición Localización permanente Localización actual Localización en estanterías Fecha adquisición Préstamos totales Signatura completa Código de barras Fecha última consulta Número de copia Fecha del precio de reemplazo Tipo de item de Koha Serie de enumeración / cronolog&íacute;a Fecha último préstamo Note pública
  Dewey Decimal Classification     Colección General Biblioteca Pública Dorado Biblioteca Pública Dorado General 01/16/2023   794.1 Y26a DOR00906 01/16/2023 Ej.1 01/16/2023 LIbro      
  Dewey Decimal Classification     Colección General Biblioteca Pública Lejanias Biblioteca Pública Lejanias General 11/12/2025   794.1 Y26a LEJ01379 11/12/2025 Ej.1 11/12/2025 LIbro      
  Dewey Decimal Classification     Colección General Biblioteca Pública Puerto López - Jorge Eliecer Gaitán Biblioteca Pública Puerto López - Jorge Eliecer Gaitán General 09/03/2025   794.1 Y26a PLZ02848 09/03/2025 Ej.1 09/03/2025 LIbro      
  Dewey Decimal Classification     Colección General Biblioteca Pública San Carlos de Guaroa - Eduardo Carranza Biblioteca Pública San Carlos de Guaroa - Eduardo Carranza General 07/14/2025   794.1 Y26a SG03732 07/14/2025 Ej.1 07/14/2025 LIbro      
  Dewey Decimal Classification     Colección General Biblioteca Pública Cabuyaro Biblioteca Pública Cabuyaro General 06/10/2025   794.1 Y26a CAB001062 06/10/2025 Ej.1 06/10/2025 LIbro      
        Sala General Biblioteca Pública Departamental Eduardo Carranza - Villavicencio Biblioteca Pública Departamental Eduardo Carranza - Villavicencio General 01/19/2015   794.1 Y26a ECA23586 11/26/2024 Ej.1 11/26/2024 LIbro     17543 | 22484
  Dewey Decimal Classification     Sala General Segundo Piso Biblioteca Pública Germán Arciniegas - Villavicencio Biblioteca Pública Germán Arciniegas - Villavicencio   12/04/2015   794.1 Y26a 26831 - 1 09/14/2017 Ej. 1 12/04/2015 LIbro 10/jul/2014    
  Dewey Decimal Classification Damaged   Sala General Segundo Piso Biblioteca Pública Germán Arciniegas - Villavicencio Biblioteca Pública Germán Arciniegas - Villavicencio   12/04/2015 1 794.1 Y26a 26831 02/22/2018 Ej. 1 12/04/2015 LIbro 10/jul/2014 08/02/2017  
  Dewey Decimal Classification     Colección General Biblioteca Pública Guamal Biblioteca Pública Guamal General 03/31/2023   794.1 Y26a GUA002901 03/31/2023 Ej.1 03/31/2023 LIbro      
  Dewey Decimal Classification     Colección General Biblioteca Pública La Macarena Biblioteca Pública La Macarena Literatura 09/09/2024   794.1 Y26a LM001749 09/09/2024 Ej.1 09/09/2024 LIbro      









Instituto Departamental de Cultura del Meta - Red Departamental de Bibliotecas Públicas del Meta.